Trips to the Moon (Record no. 239685)
[ view plain ]
| 000 -LEADER | |
|---|---|
| fixed length control field | 00923cam a22002773a 4500 |
| 001 - CONTROL NUMBER | |
| control field | 10430 |
| 003 - CONTROL NUMBER IDENTIFIER | |
| control field | PGUSA |
| 005 - DATE AND TIME OF LATEST TRANSACTION | |
| control field | 20140828083224.0 |
| 008 - FIXED-LENGTH DATA ELEMENTS--GENERAL INFORMATION | |
| fixed length control field | 031201s2003||||xxu|||||s|||||000 | eng d |
| 040 ## - CATALOGING SOURCE | |
| Original cataloging agency | PGUSA |
| Language of cataloging | eng |
| 042 ## - AUTHENTICATION CODE | |
| Authentication code | dc |
| 050 #4 - LIBRARY OF CONGRESS CALL NUMBER | |
| Classification number | PA |
| 100 1# - MAIN ENTRY--PERSONAL NAME | |
| Personal name | Lucian, of Samosata, |
| Dates associated with a name | 120-180 |
| 245 10 - TITLE STATEMENT | |
| Title | Trips to the Moon |
| Medium | [electronic resource] / |
| Statement of responsibility, etc | of Samosata Lucian |
| 260 ## - PUBLICATION, DISTRIBUTION, ETC. (IMPRINT) | |
| Name of publisher, distributor, etc | Project Gutenberg, |
| Date of publication, distribution, etc | 2003 |
| 505 0# - FORMATTED CONTENTS NOTE | |
| Formatted contents note | Introduction by Professor Henry Morley -- Instructions for writing history --The true history -- Icaro-Menippus: a dialogue. |
| 506 ## - RESTRICTIONS ON ACCESS NOTE | |
| Terms governing access | Public domain in the USA. |
| 516 ## - TYPE OF COMPUTER FILE OR DATA NOTE | |
| Type of computer file or data note | Electronic text |
| 653 ## - INDEX TERM--UNCONTROLLED | |
| Uncontrolled term | Lucian, of Samosata -- Translations into English |
| 653 ## - INDEX TERM--UNCONTROLLED | |
| Uncontrolled term | Voyages, Imaginary |
| 700 1# - ADDED ENTRY--PERSONAL NAME | |
| Personal name | Morley, Henry, |
| Dates associated with a name | 1822-1894 |
| 700 1# - ADDED ENTRY--PERSONAL NAME | |
| Personal name | Francklin, Thomas, |
| Dates associated with a name | 1721-1784 |
| 830 #0 - SERIES ADDED ENTRY--UNIFORM TITLE | |
| Uniform title | Project Gutenberg |
| Volume number/sequential designation | 10430 |
| 856 40 - ELECTRONIC LOCATION AND ACCESS | |
| Uniform Resource Identifier | <a href="http://www.gutenberg.org/ebooks/10430">http://www.gutenberg.org/ebooks/10430</a> |
| 942 ## - ADDED ENTRY ELEMENTS (KOHA) | |
| Koha item type | eBooks |
| Withdrawn status | Lost status | Damaged status | Home library | Current library | Date acquired | Total Checkouts | Date last seen | Price effective from | Koha item type |
|---|---|---|---|---|---|---|---|---|---|
| Project Gutenberg | Project Gutenberg | 08/28/2014 | 08/28/2014 | 08/28/2014 | eBooks |